000 00415nam a22001577a 4500
003 OSt
005 20240905091112.0
007 346pages
008 240905b |||||||| |||| 00| 0 eng d
020 _a9781138654013
040 _c
082 _a658.42
_bDRU
245 _aInnovation and Entrepreneurship
_bPrinciples and practice
_cDrucker,Peter F
260 _bLondon and Newyork
942 _2ddc
_cBK
_k658.42
_mDRU
_n0
999 _c36080
_d36080